El grupo de río: Un diálogo vigente /

Kaydedildi:
Detaylı Bibliyografya
Yazar: Barrios, Raúl
Diğer Yazarlar: edit Bustamante, Fernando Deustua, Alejandro Frohmann, Alicia Hirst, Mónica Rico, Carlos Russell, Roberto Tokatlián, Juan Gabriel Van Klaveren, Alberto Wagner, Allan
Materyal Türü: Metin
Baskı/Yayın Bilgisi: La Paz: CID
Etiketler: Etiketle
Etiket eklenmemiş, İlk siz ekleyin!

MARC

LEADER 00000 a a2200000 04500
001 23190
003
040
090 |a 160300  
100 |a Barrios, Raúl  
245 |a El grupo de río: Un diálogo vigente /  |c Raúl Barrios 
260 |a La Paz:   |b CID  
300 |a 231 p.  
700 |a edit   |a Bustamante, Fernando   |a Deustua, Alejandro   |a Frohmann, Alicia   |a Hirst, Mónica   |a Rico, Carlos   |a Russell, Roberto   |a Tokatlián, Juan Gabriel   |a Van Klaveren, Alberto   |a Wagner, Allan  
999 |c 13227  |d 13227